000 00436nam a2200109Ia 4500
008 160909s9999 xx 000 0 und d
100 _aUfoegbune, Veronica Ifechide.
245 2 _aA phenomenological study of the work-life balance of Nigerian women in leadership and their vision of Nigerian education
260 _bPepperdine University
_c2016
650 _aEDUC/SPED
856 _uhttp://pqdtopen.proquest.com/doc/1789308164.html?FMT=ABS
999 _c305004
_d305004